Normal view
MARC view
- Christensen, Thomas H.
Entry Personal Name
001 - CONTROL NUMBER
- control field: 4786
003 - CONTROL NUMBER IDENTIFIER
- control field: NUST
005 - DATE AND TIME OF LATEST TRANSACTION
- control field: 20170921164444.0
008 - FIXED-LENGTH DATA ELEMENTS
- fixed length control field: 170921|| aca||aabn | a|a d
040 ## - CATALOGING SOURCE
- Original cataloging agency: NUST
- Transcribing agency: NUST
100 ## - HEADING--PERSONAL NAME
- Personal name: Christensen, Thomas H.
670 ## - SOURCE DATA FOUND
- Source citation: Work cat.: (NUST)0: Christensen, Thomas H., Solid waste technology & management / Set Vol 1-2, c2011.
